Fait ou idée reçue? #2 - Statistiques

Statistiques générales
  • Ce quiz a été pris 16 420 fois
  • Le résultat moyen est 10 sur 15
Statistiques - réponses
Question Réponse % Correct
Il est déconseillé de s'abriter sous un arbre en cas d'orage Fait
87%
Du miel conservé en bon état ne périme jamais Fait
84%
Seuls les moustiques femelles piquent les humains Fait
81%
Avaler un chewing-gum peut provoquer une appendicite Idée reçue
80%
Toucher un crapaud peut donner des verrues Idée reçue
79%
Les hirondelles volent bas lorsqu'il va pleuvoir Fait
68%
Se raser fait pousser la barbe plus rapidement Idée reçue
68%
Molière est mort sur scène lors d'une représentation du "Malade imaginaire" Idée reçue
66%
Dormir avec une plante verte dans sa chambre peut être dangereux pour la santé Idée reçue
66%
Montréal est plus au sud que Paris Fait
64%
Les chauves-souris sont aveugles Idée reçue
61%
Les connexions Wi-Fi peuvent être perturbées par les fours à micro-ondes Fait
42%
On peut lire "Tous pour un, un pour tous" dans Les Trois Mousquetaires d'Alexandre Dumas Fait
41%
La théine et la caféine sont une seule et même molécule Fait
38%
On pensait majoritairement que la Terre était plate en Europe pendant le Moyen Âge Idée reçue
32%
Aucun quiz correspondant
Distribution des résultats
% des personnes avec chaque résultat
Percentile par nombre de réponses
Votre historique - résultats
Vous n’avez pas pris ce quiz